| 000 | 00000nam 2200000zi 4500 |
| 001 | 9.937786 |
| 003 | CaOODSP |
| 005 | 20250123115014 |
| 006 | m o d f |
| 007 | cr mn||||||||| |
| 008 | 240506t20242024onc o f000 0 eng d |
| 020 | |a9780660717685 |
| 040 | |aCaOODSP|beng|erda|cCaOODSP |
| 043 | |an-cn--- |
| 045 | |ay2y2 |
| 086 | 1 |aF2-298/1-2024E-PDF |
| 245 | 00|aPost-budget focus group research - spring 2024 : |breport / |cprepared for Finance Canada. |
| 246 | 10|aPost-budget focus group research - spring 2024 - final report |
| 246 | 17|aPost-budget FG research - spring 2024 |
| 264 | 1|a[Ottawa] : |bDepartment of Finance Canada = Ministère des finances Canada, |c2024. |
| 264 | 4|c©2024 |
| 300 | |a1 online resource (1, 35 pages) + |esummary (5 pages) |
| 336 | |atext|btxt|2rdacontent |
| 337 | |acomputer|bc|2rdamedia |
| 338 | |aonline resource|bcr|2rdacarrier |
| 500 | |aIssued also in French under title: Recherche postbudgétaire auprès de groupes de discussion - printemps 2024 : rapport. |
| 500 | |aTitle from cover. |
| 500 | |a"Supplier name: Environics Research." |
| 500 | |a"Contract number: CW2328764." |
| 500 | |a"Delivery date: 2024-04-29." |
| 500 | |a"Registration number: POR 036-23." |
| 650 | 0|aBudget|zCanada|xPublic opinion. |
| 650 | 0|aFinance, Public|zCanada|xPublic opinion. |
| 650 | 0|aHousing policy|zCanada|xPublic opinion. |
| 650 | 0|aPublic opinion|zCanada. |
| 710 | 1 |aCanada. |bDepartment of Finance, |eissuing body. |
| 710 | 2 |aEnvironics Research Group, |econsultant. |
| 775 | 08|tRecherche postbudgétaire auprès de groupes de discussion - printemps 2024 : |w(CaOODSP)9.937790 |
| 856 | 40|qPDF|s594 KB|uhttps://publications.gc.ca/collections/collection_2025/fin/F2-298-1-2024-eng.pdf|z(report) |
| 856 | 40|qPDF|s262 KB|uhttps://publications.gc.ca/collections/collection_2025/fin/F2-298-1-2024-1-eng.pdf|z(executive summary) |
| 856 | 4 |qHTML|sN/A|uhttps://epe.bac-lac.gc.ca/100/200/301/pwgsc-tpsgc/por-ef/finance/2024/036-23-1-e/036-23-report.htm|z(report) |
| 856 | 4 |qHTML|sN/A|uhttps://epe.bac-lac.gc.ca/100/200/301/pwgsc-tpsgc/por-ef/finance/2024/036-23-1-e/summary/036-23-summary.htm|z(executive summary) |
| 856 | 4 |qHTML|sN/A|uhttps://epe.bac-lac.gc.ca/100/200/301/pwgsc-tpsgc/por-ef/finance/2024/036-23-1-e/index.html|z(complete dataset) |